000 00603nam a2200181Ia 4500
008 090201s9999 xx 000 0 und d
010 _aKPL-68751
040 _bमराठी
041 _aमराठी
082 _a47261
_b68751
100 _aयशवंत पाठक
245 _aनाचू किर्तनाचे रंगी
_cयशवंत पाठक
250 _a2
260 _c2003
_bकॉन्टिनेन्टल प्रकाशन
300 _a327
_bमध्यम
600 _aनाचू किर्तनाचे रंगी
942 _cBOOK
999 _c243976
_d243976